| 000 | nam a22 a 4500 | ||
|---|---|---|---|
| 999 |
_c400 _d400 |
||
| 003 | AKMAL | ||
| 005 | 20170503154947.0 | ||
| 008 | 170503s1998 my 00 may d | ||
| 020 |
_a966108332 (kkt.): _cRM 11.00 |
||
| 040 | _aAKMAL | ||
| 082 | 0 | 4 | _a128.2 ROZ |
| 090 | 0 | 0 |
_a128.2 _bROZ |
| 100 | 0 |
_aRozman Haji Din _9910 |
|
| 245 | 1 | 0 |
_aMinda : _bsuatu kurniaan yang terabai / _cRozman Haji Din |
| 260 |
_aKuala Lumpur : _bUtusan Publications & Distributors, _c1998 |
||
| 300 | 0 | 0 |
_a118ms. ; _c22cm |
| 504 | _aMengandungi rujukan bibliografi | ||
| 650 | 0 |
_aBrain _9911 |
|
| 650 | 0 |
_aMind and body _9912 |
|
| 650 | 0 |
_aThought and thinking _9913 |
|
| 650 | 0 |
_aHuman behaviour _9914 |
|
| 650 | 0 |
_aPersonality _9915 |
|
| 942 |
_2ddc _cBOOK |
||